书目信息 |
| 题名: |
现代生物技术概论
|
|
| 作者: | 谢小冬 主编 | |
| 分册: | ||
| 出版信息: | 北京 军事医学科学出版社 2007.01 |
|
| 页数: | 365页 | |
| 开本: | 26cm | |
| 丛书名: | ||
| 单 册: | ||
| 中图分类: | Q81 | |
| 科图分类: | ||
| 主题词: | 生物技术--sheng wu ji shu--概论 | |
| 电子资源: | ||
| ISBN: | 7-80121-676-8 | |
| 000 | 00740nam0 2200229 450 | |
| 001 | 012007393905 | |
| 005 | 20070930151225.90 | |
| 010 | @a7-80121-676-8@dCNY43.00 | |
| 100 | @a20070815d2007 km y0chiy0120 ea | |
| 101 | 0 | @achi |
| 102 | @aCN@b110000 | |
| 105 | @aa a 000yy | |
| 200 | 1 | @a现代生物技术概论@Axian dai sheng wu ji shu gai lun@f谢小冬主编@Fxie xiao dong zhu bian |
| 210 | @a北京@c军事医学科学出版社@d2007.01 | |
| 215 | @a365页@c图@d26cm | |
| 320 | @a有书目。 | |
| 330 | @a本书是以现代生物技术的概念和技术原理、技术概况、技术过程和操作、应用及其与人类的关系为主线。 | |
| 606 | 0 | @a生物技术@Asheng wu ji shu@x概论 |
| 690 | @aQ81@v4 | |
| 701 | 0 | @a谢小冬@Axie xiao dong@4主编 |
| 801 | 0 | @aCN@c20070930 |
| 905 | @dQ81@eX470 | |
| 现代生物技术概论/谢小冬主编.-北京:军事医学科学出版社,2007.01 |
| 365页:图;26cm |
| ISBN 7-80121-676-8:CNY43.00 |
| 本书是以现代生物技术的概念和技术原理、技术概况、技术过程和操作、应用及其与人类的关系为主线。 |
| ● |
| 相关链接 |
|
|
|
正题名:现代生物技术概论
索取号:Q81/X470
 
预约/预借
| 序号 | 登录号 | 条形码 | 馆藏地/架位号 | 状态 | 备注 |
| 1 | 255096 | 202550961 | 自科库401/401自科库 32排1列4层/ [索取号:Q81/X470] | 在馆 | |
| 2 | 255097 | 202550970 | 自科库401/401自科库 32排1列4层/ [索取号:Q81/X470] | 在馆 | |
| 3 | 255098 | 202550989 | 自科库401/401自科库 32排1列4层/ [索取号:Q81/X470] | 在馆 |